00517nam a2200193 a 4500001001300000003000900013005001700022008004100039020001000080082001400090100001700104245006100121260004300182300000900225500003500234505001000269650002700279700001700306nice12345678IN_TiNIC20260116011828.0050524s1948 lona grp 000 0 eng  ac10000a229bCHA1 aCharles, R H aReligious Development Between the Old and New Testaments aLondonbOxford University Press c1948 a256p aincludes index and biblioraphy2 aIndex aApocalyptic Literature1 aCharles, R H